| 000 | 00556nam a22002057a 4500 | ||
|---|---|---|---|
| 999 |
_c5911 _d5911 |
||
| 003 | OSt | ||
| 005 | 20210128111621.0 | ||
| 008 | 171212b xxu||||| |||| 00| 0 eng d | ||
| 020 | _a9788177585568 | ||
| 040 | _c040a | ||
| 082 |
_a005.74 _bDAT 2006 |
||
| 100 |
_aDate, C. J; Kannna, A; Swamynathan, S. _93984 |
||
| 245 | _aAn introduction to Database Systems | ||
| 250 | _a8th.ed. | ||
| 260 |
_aIndia; _bPearson, _c2006 |
||
| 300 |
_axxxii,931p; _bill : _c18 cm. |
||
| 504 | _aIncludes index. | ||
| 650 |
_aDatabase systems _95794 |
||
| 942 |
_2ddc _cB_BANK |
||